Broadband telecomunications handbook
Gespeichert in:
| 1. Verfasser: | |
|---|---|
| Format: | Buch |
| Sprache: | Undetermined |
| Veröffentlicht: |
New York
McGraw-Hill
2002
|
| Schlagworte: | |
| Tags: |
Tag hinzufügen
Keine Tags, Fügen Sie den ersten Tag hinzu!
|
| Thư viện lưu trữ: | Trung tâm Học liệu Trường Đại học Cần Thơ |
|---|
| LEADER | 00574nam a2200193Ia 4500 | ||
|---|---|---|---|
| 001 | CTU_52321 | ||
| 008 | 210402s9999 xx 000 0 und d | ||
| 020 | |b 100100 | ||
| 082 | |a 384 | ||
| 082 | |b B329 | ||
| 100 | |a Regis J Bates | ||
| 245 | 0 | |a Broadband telecomunications handbook | |
| 245 | 0 | |c Regis J Bates | |
| 260 | |a New York | ||
| 260 | |b McGraw-Hill | ||
| 260 | |c 2002 | ||
| 650 | |a broadband communication systems,telecommuncation systems | ||
| 650 | |x handbooks, manuals, etc.,handbooks, manuals, etc. | ||
| 980 | |a Trung tâm Học liệu Trường Đại học Cần Thơ | ||